000 00696nam a2200301Ia 4500
005 20260127113302.0
008 008 260114s9999 xx 000 0 eng d
020 _a9788120802643
037 _aTextbook
040 _aPSDL
040 _beng
040 _cPSDL
041 _2eng
041 _aeng
084 _aV2:3(Q) Q8
084 _qPSDL
100 _aSarma, V. Srinivasa
_91111740
245 2 _aA History of Indian Literature.
245 0 _cSarma, V. Srinivasa
260 _aDelhi
260 _bMotilal Banarsidass Publishers
260 _c2018
300 _a602
942 _cTB
942 _hV2:3(Q) Q8
999 _c1677917
_d1677917